[Event "XXXIII MIEDZYNARODOWE SZACHOWE MISTRZOSTWA MALOPOLSKI - Grupa A"]
[Site "Hotel Galaxy, ul. Gesia 22a, Krakow"]
[Date "1899-12-30"]
[Round "2.22"]
[White "Markowski, Damian"]
[Black "Rosol, Philip"]
[Result "1/2-1/2"]
[WhiteTitle "FM"]
[BlackTitle "II"]
[WhiteElo "2160"]
[BlackElo "2002"]

1. d4 Nf6 2. Bf4 d5 3. e3 Bf5 4. c4 dxc4 5. Bxc4 e6 6. Nf3 Bxb1 7. Qxb1 Bb4+ 8.
Ke2 O-O 9. Rc1 Bd6 10. Bxd6 cxd6 11. Qd3 Nc6 12. Bb5 Nb4 13. Qb3 Qa5 14. Qa4 Qxa4
15. Bxa4 Rfc8 16. a3 Nbd5 17. Bb3 Kf8 18. Ne1 Ke7 19. Nd3 g5 20. f3 h5 21. h4
gxh4 22. Rxc8 Rxc8 23. e4 Nb6 24. Rh1 a5 25. a4 Nc4 26. Rxh4 e5 27. dxe5 Nxe5
28. Nxe5 dxe5 29. Rh1 Rc5 30. Ke1 Ke8 1/2-1/2

[Event "XXXIII MIEDZYNARODOWE SZACHOWE MISTRZOSTWA MALOPOLSKI - Grupa A"]
[Site "Hotel Galaxy, ul. Gesia 22a, Krakow"]
[Date "1899-12-30"]
[Round "2.23"]
[White "Mirski, Michal"]
[Black "Triadu Cassa, Jordi"]
[Result "1/2-1/2"]
[WhiteTitle "I++"]
[BlackTitle "CM"]
[WhiteElo "1986"]
[BlackElo "2150"]

1. e4 e5 2. Nf3 Nc6 3. Bc4 Nf6 4. d3 Be7 5. O-O O-O 6. c3 d6 7. Nbd2 Na5 8. Bb5
a6 9. Ba4 b5 10. Bc2 c5 11. Re1 Nc6 12. Nf1 h6 13. Ng3 Re8 14. h3 Be6 15. Nh2
d5 16. Qf3 d4 17. Nf5 Bf8 18. Ng4 Nxg4 19. hxg4 Be7 20. Nxe7+ Qxe7 21. g3 f6 22.
Qe2 Qd7 23. f3 Red8 24. Rd1 a5 25. Kg2 a4 26. a3 Na5 27. cxd4 Qxd4 28. Be3 Qd6
29. f4 exf4 30. gxf4 Bb3 31. Rac1 Rac8 32. g5 fxg5 33. fxg5 Qg6 34. Rh1 Bxc2 35.
Qxc2 Nb3 36. Rcd1 Nd4 37. Qf2 Rf8 38. Qh4 Rcd8 39. Qh5 Qxh5 40. Rxh5 hxg5 41.
Rxg5 Ne6 42. Re5 Rf6 43. Rd2 Kf7 44. Kg3 Rh8 45. Rf2 Rxf2 46. Bxf2 Rd8 47. Bxc5
Rxd3+ 48. Kg4 Rd2 49. Bb4 Rg2+ 50. Kf3 Rxb2 51. Rf5+ Kg6 52. Rd5 Ng5+ 53. Ke3
Ne6 54. Rxb5 Rb3+ 55. Kd2 Ng5 56. e5 Nf3+ 57. Kd1 Kf5 58. Ra5 g5 59. Bd6 g4 60.
Kc2 Nd4+ 61. Kd2 g3 62. e6+ Kxe6 63. Bxg3 Rxa3 64. Ra6+ Kd5 65. Bd6 Ra1 66. Bf8
Kc4 67. Bg7 Ra2+ 68. Kc1 Nf5 69. Bf6 Ne3 70. Kb1 Ra3 71. Kb2 Rb3+ 72. Ka2 Nd5
73. Rxa4+ Nb4+ 74. Ka1 Re3 75. Kb2 Re2+ 76. Kc1 Ra2 77. Rxa2 Nxa2+ 1/2-1/2

[Event "XXXIII MIEDZYNARODOWE SZACHOWE MISTRZOSTWA MALOPOLSKI - Grupa A"]
[Site "Hotel Galaxy, ul. Gesia 22a, Krakow"]
[Date "1899-12-30"]
[Round "2.24"]
[White "Orzechowski, Jacek"]
[Black "Molnar, Laszlo"]
[Result "0-1"]
[WhiteTitle "m"]
[BlackTitle ""]
[WhiteElo "2139"]
[BlackElo "1978"]

1. c4 Nf6 2. Nc3 g6 3. g3 Bg7 4. Bg2 O-O 5. e4 d6 6. Nge2 c5 7. O-O Nc6 8. d3 Rb8
9. h3 a6 10. f4 Ne8 11. g4 b5 12. Rb1 bxc4 13. dxc4 Nd4 14. b3 Nc7 15. f5 e6 16.
Be3 exf5 17. gxf5 Nxe2+ 18. Nxe2 Re8 19. Qd2 Bb7 20. Nc3 Be5 21. Nd5 Bxd5 22.
exd5 Qh4 23. Rf3 f6 24. fxg6 hxg6 25. Bf2 Qh5 26. b4 a5 27. b5 Na8 28. Qxa5 Nb6
29. Rc1 Re7 30. Rc2 g5 31. Ra3 Qd1+ 0-1

[Event "XXXIII MIEDZYNARODOWE SZACHOWE MISTRZOSTWA MALOPOLSKI - Grupa A"]
[Site "Hotel Galaxy, ul. Gesia 22a, Krakow"]
[Date "1899-12-30"]
[Round "2.25"]
[White "Doraszelski, Alexander"]
[Black "Adamczyk, Zuzanna"]
[Result "1-0"]
[WhiteTitle ""]
[BlackTitle "WCM"]
[WhiteElo "2132"]
[BlackElo "1976"]

1. e4 c5 2. Nc3 g6 3. d4 cxd4 4. Qxd4 Nf6 5. Nf3 Nc6 6. Qa4 d6 7. e5 dxe5 8. Nxe5
Bg7 9. Nxc6 bxc6 10. Be2 Bb7 11. O-O O-O 12. Qh4 Re8 13. Rb1 Qc7 14. Bf4 Qc8 15.
Bg5 Ba6 16. Rfe1 Bxe2 17. Rxe2 Qb7 18. b3 Rad8 19. Rbe1 c5 20. Ne4 Nxe4 21. Rxe4
f6 22. Be3 Qd5 23. Ra4 Qd1 24. Qc4+ e6 25. Rxd1 Rxd1+ 26. Qf1 Rxf1+ 27. Kxf1 Rc8
28. Rxa7 c4 29. b4 Rb8 30. Bc5 f5 31. a4 Bc3 32. b5 Rc8 33. Be3 f4 34. Bxf4 Bd4
35. Rd7 e5 36. Be3 Ra8 37. Bxd4 exd4 38. b6 Rxa4 39. b7 Ra1+ 40. Ke2 d3+ 41. cxd3
cxd3+ 42. Rxd3 Rb1 43. Rd8+ 1-0

[Event "XXXIII MIEDZYNARODOWE SZACHOWE MISTRZOSTWA MALOPOLSKI - Grupa A"]
[Site "Hotel Galaxy, ul. Gesia 22a, Krakow"]
[Date "1899-12-30"]
[Round "2.26"]
[White "Hnatyshyn, Anastasiia"]
[Black "Muller, Maxime"]
[Result "1/2-1/2"]
[WhiteTitle "WFM"]
[BlackTitle ""]
[WhiteElo "2127"]
[BlackElo "1974"]

1. e4 e6 2. d4 d5 3. Nd2 c5 4. Ngf3 cxd4 5. exd5 Qxd5 6. Bc4 Qd6 7. O-O Nf6 8.
Nb3 Nc6 9. Nbxd4 Nxd4 10. Nxd4 a6 11. c3 Qc7 12. Be2 Bd6 13. h3 O-O 14. Qc2 Nd5
15. Bd3 g6 16. Be4 Nf4 17. Be3 e5 18. Bxf4 exf4 19. Rad1 Be5 20. Bd5 Rd8 21. Qb3
Bxd4 22. Rxd4 Bf5 23. Rfd1 Rd7 24. c4 Re8 25. Qf3 b5 26. b3 Rde7 27. Bc6 Re1+
28. Kh2 Rxd1 29. Rxd1 Re6 30. Bd5 Re2 31. Rd4 Rxa2 32. Qxf4 Qxf4+ 33. Rxf4 bxc4
34. Bxc4 a5 35. Kg3 Ra3 1/2-1/2

[Event "XXXIII MIEDZYNARODOWE SZACHOWE MISTRZOSTWA MALOPOLSKI - Grupa A"]
[Site "Hotel Galaxy, ul. Gesia 22a, Krakow"]
[Date "1899-12-30"]
[Round "2.27"]
[White "Zarnowski, Krzysztof"]
[Black "Solano, Juan Pablo"]
[Result "1-0"]
[WhiteTitle "I++"]
[BlackTitle ""]
[WhiteElo "2079"]
[BlackElo "1955"]

1. d4 Nf6 2. c4 e6 3. Nf3 d5 4. Nc3 a6 5. Bg5 Be7 6. e3 Nbd7 7. cxd5 exd5 8. Bd3
O-O 9. O-O c6 10. Qc2 h6 11. Bf4 Re8 12. h3 c5 13. a4 c4 14. Be2 Bb4 15. b3 Bxc3
16. Qxc3 Ne4 17. Qc2 c3 18. b4 Ndf6 19. Ne5 Bf5 20. Bd3 Be6 21. f3 Nd2 22. Rfc1
Rc8 23. Ra3 g5 24. Bg3 Qb6 25. Rxc3 Nc4 26. Bxc4 dxc4 27. Nxc4 Bxc4 28. Rxc4 Rxc4
29. Qxc4 Rxe3 30. a5 Qd8 31. Qc7 Re8 32. Qxb7 Qxd4+ 33. Bf2 Qd2 34. Rc8 Qd1+ 35.
Kh2 Qe2 36. Bd4 Nh5 37. Qb8 Rxc8 38. Qxc8+ Kh7 39. Qh8+ Kg6 40. Qg8+ 1-0

[Event "XXXIII MIEDZYNARODOWE SZACHOWE MISTRZOSTWA MALOPOLSKI - Grupa A"]
[Site "Hotel Galaxy, ul. Gesia 22a, Krakow"]
[Date "1899-12-30"]
[Round "2.28"]
[White "Kasperek, Ryszard"]
[Black "Kusiak, Mateusz"]
[Result "1-0"]
[WhiteTitle "m"]
[BlackTitle "I++"]
[WhiteElo "2065"]
[BlackElo "1943"]

1. e4 c5 2. Nf3 Nc6 3. Bb5 e5 4. O-O Bd6 5. d4 exd4 6. c3 a6 7. Bxc6 dxc6 8. cxd4
Bg4 9. dxc5 Bxc5 10. Qc2 Bd6 11. e5 Bxf3 12. exd6 Bd5 13. Nc3 Qxd6 14. Nxd5 cxd5
15. Re1+ Ne7 16. Qa4+ Qd7 17. Rxe7+ Kxe7 18. Bg5+ f6 19. Re1+ Kd8 20. Qa5+ b6
21. Qxb6+ Qc7 22. Bxf6+ Kc8 23. Qe6+ Kb7 24. Qxd5+ 1-0

[Event "XXXIII MIEDZYNARODOWE SZACHOWE MISTRZOSTWA MALOPOLSKI - Grupa A"]
[Site "Hotel Galaxy, ul. Gesia 22a, Krakow"]
[Date "1899-12-30"]
[Round "2.29"]
[White "Darowicki, Mariusz"]
[Black "Kulesza, Andrzej"]
[Result "0-1"]
[WhiteTitle "I++"]
[BlackTitle "I++"]
[WhiteElo "1970"]
[BlackElo "2064"]

1. Nf3 Nf6 2. c4 e6 3. g3 b6 4. Bg2 Bb7 5. O-O Be7 6. d4 d5 7. cxd5 exd5 8. Nh4
O-O 9. Nf5 Re8 10. Nxe7+ Qxe7 11. Nc3 Nbd7 12. Bf4 c6 13. Rc1 b5 14. Re1 Nb6 15.
Nb1 Rad8 16. b3 h6 17. Qc2 a5 18. Qc5 Qxc5 19. Rxc5 Ra8 20. Bc7 Nbd7 21. Rc2 Nf8
22. Be5 N6d7 23. Bf4 Ne6 24. Be3 a4 25. Nd2 axb3 26. axb3 Ra3 27. Bh3 Nf6 28.
Rb1 Rea8 29. Nf3 Ra2 30. Rbc1 Nd7 31. Nh4 Rxc2 32. Rxc2 Ra1+ 33. Kg2 Ra3 34. Nf5
Kf8 35. Bf4 Nxf4+ 36. gxf4 Nb6 37. Nd6 Ba8 38. Rc3 Nc4 39. Nf5 Nd2 40. Rg3 g6
41. Nxh6 Rxb3 42. f3 Nc4 43. f5 Kg7 44. fxg6 fxg6 45. Nf5+ Kf6 46. Nh6 b4 47.
Kf2 Ra3 48. Ng4+ Ke7 49. Ne5 b3 50. Rxg6 b2 51. Bf5 Nd2 52. Nxc6+ Bxc6 53. Rxc6
Rb3 54. Bc2 Rb4 55. Ke1 Nc4 56. Bd3 Rb3 57. Bf5 Ne3 58. Bb1 Nc4 59. Bf5 Rc3 60.
Kf2 Rc1 61. Bd3 Ne5 0-1

[Event "XXXIII MIEDZYNARODOWE SZACHOWE MISTRZOSTWA MALOPOLSKI - Grupa A"]
[Site "Hotel Galaxy, ul. Gesia 22a, Krakow"]
[Date "1899-12-30"]
[Round "2.30"]
[White "Wnek, Filip"]
[Black "Kozlowski, Franciszek"]
[Result "1/2-1/2"]
[WhiteTitle "I++"]
[BlackTitle "I+"]
[WhiteElo "2057"]
[BlackElo "1900"]

1. e4 c6 2. d4 d5 3. exd5 cxd5 4. Bd3 Nc6 5. c3 Qc7 6. h3 e6 7. Nf3 Bd6 8. O-O
Nge7 9. Re1 h6 10. Nbd2 Bd7 11. a4 a5 12. Qe2 O-O 13. Ne5 Nxe5 14. dxe5 Bc5 15.
Nb3 Ba7 16. Nd4 f5 17. Kh1 Bxd4 18. cxd4 Nc6 19. Qh5 Nxd4 20. Bxh6 Be8 21. Qg5
Nb3 22. Ra3 Nc5 23. Rc3 b6 24. Qg3 Qf7 25. Bc2 Rc8 26. Rc1 Rd8 27. Qg5 Rd7 28.
Qg3 Qh5 1/2-1/2

[Event "XXXIII MIEDZYNARODOWE SZACHOWE MISTRZOSTWA MALOPOLSKI - Grupa A"]
[Site "Hotel Galaxy, ul. Gesia 22a, Krakow"]
[Date "1899-12-30"]
[Round "3.2"]
[White "Kyc, Jerzy"]
[Black "Bogdanov, Egor"]
[Result "0-1"]
[WhiteTitle "m"]
[BlackTitle "IM"]
[WhiteElo "2276"]
[BlackElo "2398"]

1. e4 c5 2. Nf3 d6 3. d4 cxd4 4. Nxd4 Nf6 5. Nc3 g6 6. Be3 Bg7 7. f3 O-O 8. Qd2
Nc6 9. O-O-O d5 10. exd5 Nxd5 11. Nxc6 bxc6 12. Bd4 Nxc3 13. Qxc3 Bh6+ 14. Be3
Bxe3+ 15. Qxe3 Qb6 16. Qxe7 Be6 17. Qa3 Rad8 18. Bd3 Rd5 19. b3 Rfd8 20. Rde1
R5d7 21. Re2 c5 22. Rhe1 Qb8 23. Re5 c4 24. bxc4 Rb7 25. Qa5 Rxd3 26. cxd3 Rb1+
27. Kd2 Qb2+ 28. Ke3 Rxe1+ 29. Qxe1 Qxe5+ 30. Kf2 Qxh2 31. Qa5 Qb8 32. Qc3 h5
33. Qd4 a5 34. c5 Qb4 35. Qd8+ Kh7 36. d4 Qc3 37. Qd6 Qd2+ 38. Kg3 Qxa2 39. Qb6
Qd2 40. c6 h4+ 41. Kxh4 Qf4+ 42. g4 Qh2+ 43. Kg5 Kg7 0-1

[Event "XXXIII MIEDZYNARODOWE SZACHOWE MISTRZOSTWA MALOPOLSKI - Grupa A"]
[Site "Hotel Galaxy, ul. Gesia 22a, Krakow"]
[Date "1899-12-30"]
[Round "3.3"]
[White "Sieciechowicz, Marcin"]
[Black "Klepek, Witold"]
[Result "1-0"]
[WhiteTitle "IM"]
[BlackTitle "k++"]
[WhiteElo "2387"]
[BlackElo "2236"]

1. d4 d5 2. c4 e6 3. Nc3 Bb4 4. a3 Bxc3+ 5. bxc3 Nf6 6. e3 c5 7. cxd5 exd5 8. Bd3
O-O 9. Ne2 b6 10. O-O Ba6 11. Bxa6 Nxa6 12. Qd3 Qc8 13. f3 Qb7 14. Ng3 Rfe8 15.
Ra2 Nc7 16. Re2 Qa6 17. Qxa6 Nxa6 18. e4 Nc7 19. Bb2 Ne6 20. e5 Nf4 21. Rd2 Nd7
22. Nf5 c4 23. a4 b5 24. Ba3 Kh8 25. Nd6 Reb8 26. Nxb5 a6 27. Nc7 Ra7 28. Bd6
Rb3 29. g3 Rxc7 30. Bxc7 Nd3 31. f4 g6 32. g4 Rxc3 33. f5 Kg7 34. e6 Nf6 35. Be5
1-0

[Event "XXXIII MIEDZYNARODOWE SZACHOWE MISTRZOSTWA MALOPOLSKI - Grupa A"]
[Site "Hotel Galaxy, ul. Gesia 22a, Krakow"]
[Date "1899-12-30"]
[Round "3.4"]
[White "Kacprzak, Karol"]
[Black "Orzech, Dominik"]
[Result "1-0"]
[WhiteTitle "k+"]
[BlackTitle "IM"]
[WhiteElo "2229"]
[BlackElo "2291"]

1. e4 c5 2. Nf3 Nc6 3. d4 cxd4 4. Nxd4 Nf6 5. Nc3 g6 6. Be3 Bg7 7. f3 d6 8. Qd2
Bd7 9. Bc4 Qc7 10. Bb3 O-O 11. O-O-O Rfc8 12. Kb1 Rab8 13. g4 b5 14. Ncxb5 Qb7
15. Nxc6 Rxc6 16. Nc3 Rxc3 17. Qxc3 Nxg4 18. Bd4 Rc8 19. Qd2 Ne5 20. Rhf1 Bb5
21. Rf2 a5 22. Qxa5 Rb8 23. Qa7 Qc8 24. Qxe7 Rb7 25. Qxd6 Rd7 26. Qb4 Nd3 27.
Rxd3 Bxd3 28. Bxg7 Bxe4 29. Bd4 Qd8 30. Rd2 Qh4 31. Qb8+ Rd8 32. Bf2 Bxc2+ 33.
Bxc2 Rxb8 34. Bxh4 1-0

[Event "XXXIII MIEDZYNARODOWE SZACHOWE MISTRZOSTWA MALOPOLSKI - Grupa A"]
[Site "Hotel Galaxy, ul. Gesia 22a, Krakow"]
[Date "1899-12-30"]
[Round "3.5"]
[White "Razin, Vadim"]
[Black "Karut, Kacper"]
[Result "1/2-1/2"]
[WhiteTitle ""]
[BlackTitle "I"]
[WhiteElo "2407"]
[BlackElo "1954"]

1. d4 Nf6 2. Nf3 g6 3. Nc3 d5 4. Bf4 Bg7 5. e3 O-O 6. Be2 c5 7. Ne5 Nc6 8. Qd2
cxd4 9. exd4 Qb6 10. O-O-O Ne4 11. Nxe4 dxe4 12. Bc4 Nxe5 13. Bxe5 Bxe5 14. dxe5
Be6 15. Bb3 Bxb3 16. axb3 Rac8 17. Kb1 Qc5 1/2-1/2

[Event "XXXIII MIEDZYNARODOWE SZACHOWE MISTRZOSTWA MALOPOLSKI - Grupa A"]
[Site "Hotel Galaxy, ul. Gesia 22a, Krakow"]
[Date "1899-12-30"]
[Round "3.6"]
[White "Meers, Hubert"]
[Black "Suder, Jakub"]
[Result "0-1"]
[WhiteTitle "k"]
[BlackTitle "FM"]
[WhiteElo "2071"]
[BlackElo "2265"]

1. e4 c5 2. Nf3 Nc6 3. Bb5 Nf6 4. Nc3 Qc7 5. O-O Nd4 6. Bc4 e6 7. h3 a6 8. a4 h5
9. d3 Ng4 10. Re1 Nxf3+ 11. Qxf3 Ne5 12. Qg3 h4 13. Qg5 f6 14. Qe3 Nxc4 15. dxc4
b6 16. Bd2 Bb7 17. Ra3 Bd6 18. f4 g5 19. fxg5 Be5 20. Ne2 O-O-O 21. gxf6 Bxf6
22. Bc3 Bxc3 23. Nxc3 Rhg8 24. Qf2 Rdf8 25. Qxh4 Qe5 26. Raa1 Rf4 27. Qh7 Qg5
28. Re2 Rh4 29. Qf7 Rf4 30. Qh7 Rh4 31. Qf7 Rxh3 32. Rd1 Bc6 33. Nd5 Bxd5 34.
exd5 Rgh8 35. Rd3 Rh1+ 36. Kf2 Qc1 37. Kg3 Qg5+ 38. Kf2 Qc1 39. Kg3 R1h7 40. Qf4
Qg1 41. Kf3 e5 42. Qf6 Rh6 43. Qf7 Rh4 44. Rdd2 Rf4+ 45. Qxf4 exf4 46. Kxf4 Qh2+
47. g3 Rf8+ 48. Ke4 Qxg3 0-1

[Event "XXXIII MIEDZYNARODOWE SZACHOWE MISTRZOSTWA MALOPOLSKI - Grupa A"]
[Site "Hotel Galaxy, ul. Gesia 22a, Krakow"]
[Date "1899-12-30"]
[Round "3.7"]
[White "Bus, Konrad"]
[Black "Syrkiewicz, Michal"]
[Result "1-0"]
[WhiteTitle "k"]
[BlackTitle "k"]
[WhiteElo "2256"]
[BlackElo "1945"]

1. d4 Nf6 2. Nf3 e6 3. g3 d5 4. Bg2 Be7 5. c4 O-O 6. Nc3 c6 7. O-O Nbd7 8. b3 b6
9. Qc2 Bb7 10. Rd1 a5 11. e4 dxe4 12. Nxe4 c5 13. Nxf6+ Bxf6 14. Ng5 Bxg5 15.
Bxb7 Ra7 16. dxc5 Bf6 17. c6 Rxb7 18. cxb7 Qc7 19. Bf4 Qxb7 20. Rac1 Rc8 21. Bd6
h6 22. Rd3 Nc5 23. Bxc5 bxc5 24. Rcd1 Bd4 25. Rxd4 cxd4 26. Rxd4 Qb4 27. Qd2 Qb6
28. Rd6 Qc7 29. Rd7 Qb6 30. Qf4 f6 31. Qg4 g5 32. Qh5 Rd8 33. Qf7+ Kh8 34. Qg7#
1-0

[Event "XXXIII MIEDZYNARODOWE SZACHOWE MISTRZOSTWA MALOPOLSKI - Grupa A"]
[Site "Hotel Galaxy, ul. Gesia 22a, Krakow"]
[Date "1899-12-30"]
[Round "3.8"]
[White "Malik, Maciej"]
[Black "Malicka, Maria"]
[Result "1-0"]
[WhiteTitle "k"]
[BlackTitle "WGM"]
[WhiteElo "2045"]
[BlackElo "2255"]

1. e4 c6 2. Nf3 d5 3. Nc3 dxe4 4. Nxe4 Nf6 5. Qe2 Nxe4 6. Qxe4 Nd7 7. Bc4 Nf6 8.
Ne5 e6 9. Qe2 b5 10. Bb3 Qc7 11. O-O Bd6 12. d4 O-O 13. Re1 a5 14. c3 c5 15. Bc2
cxd4 16. cxd4 Ba6 17. Bg5 b4 18. Qd1 Be7 19. Rc1 Qd6 20. Re3 g6 21. Rf3 Nd7 22.
Bf4 Nxe5 23. Bxe5 Qd8 24. Rh3 Bf6 25. Qd2 Bg5 26. f4 Bf6 27. Be4 Rc8 28. Rd1 Bxe5
29. fxe5 f5 30. exf6 Qxf6 31. Rf3 Qh4 32. Qe3 Rfe8 33. Rh3 Qf6 34. Rf3 Qh4 35.
Rf4 Qe7 36. Rg4 Qf6 37. h4 Re7 38. h5 Rg7 39. hxg6 hxg6 40. Qh6 Be2 41. Rf4 Qe7
42. Re1 Bc4 43. b3 Bb5 44. Bxg6 Be8 45. Bf5 Bf7 46. Rg4 Rxg4 47. Bxg4 Qd6 48.
Qg5+ Kf8 49. Qf6 Qg3 50. Rf1 Rc7 51. Bxe6 1-0

[Event "XXXIII MIEDZYNARODOWE SZACHOWE MISTRZOSTWA MALOPOLSKI - Grupa A"]
[Site "Hotel Galaxy, ul. Gesia 22a, Krakow"]
[Date "1899-12-30"]
[Round "3.9"]
[White "Krawczyk, Wojciech"]
[Black "Kacprzak, Kacper"]
[Result "1-0"]
[WhiteTitle "I++"]
[BlackTitle "k++"]
[WhiteElo "1985"]
[BlackElo "2228"]

1. c4 e6 2. d4 Nf6 3. Nc3 Bb4 4. Qc2 O-O 5. Nf3 c5 6. a3 Bxc3+ 7. Qxc3 Nc6 8. dxc5
Ne4 9. Qc2 Qa5+ 10. Nd2 Nxd2 11. Bxd2 Qxc5 12. e3 Qe7 13. Bd3 h6 14. O-O Rd8 15.
e4 e5 16. Rad1 d6 17. Be3 Be6 18. Rd2 Rac8 19. b3 b5 20. Qc3 Qb7 21. Rb1 a6 22.
Rbd1 Rd7 23. Be2 bxc4 24. bxc4 Ne7 25. Rxd6 Rxd6 26. Rxd6 Qxe4 27. Bd3 Qb7 28.
Qxe5 Qb3 29. h3 Nc6 30. Qe4 Ne7 31. Rxe6 fxe6 32. Qxe6+ Kf8 33. Be2 Qb1+ 34. Kh2
Qb8+ 35. g3 Rc6 36. Qe4 Qd6 37. c5 Qe6 38. Qf4+ Qf6 39. Qe4 Qe6 40. Qd4 Nf5 41.
Qf4 g5 42. Qf3 Kg7 43. Bc4 Qf6 44. Qd5 Ne7 45. Qd3 Qg6 46. Qd7 Kf8 47. Qd8+ Qe8
48. Qd4 Ng6 49. Bd5 Qd7 50. Bxc6 Qxc6 51. Qd3 Ke8 52. Qf5 Ne7 53. Qe5 Kd7 54.
g4 a5 55. Kg3 a4 56. f4 gxf4+ 57. Bxf4 Qh1 58. Qe3 Nd5 59. Qd2 Kc6 60. Bxh6 Qg1+
61. Kh4 Qa1 62. Qd3 Qe1+ 63. Kh5 Qe8+ 64. Qg6+ Nf6+ 65. Kg5 Qe5+ 66. Qf5 Ne4+
67. Kg6 Qe8+ 68. Qf7 Qe5 69. Bf4 Qd4 70. Qe6+ Kb5 1-0

[Event "XXXIII MIEDZYNARODOWE SZACHOWE MISTRZOSTWA MALOPOLSKI - Grupa A"]
[Site "Hotel Galaxy, ul. Gesia 22a, Krakow"]
[Date "1899-12-30"]
[Round "3.10"]
[White "Kondys, Piotr"]
[Black "Kaim, Piotr"]
[Result "1/2-1/2"]
[WhiteTitle "I"]
[BlackTitle "m"]
[WhiteElo "1929"]
[BlackElo "2167"]

1. e4 c5 2. Nf3 e6 3. d4 cxd4 4. Nxd4 Nf6 5. Nc3 Nc6 6. Nxc6 bxc6 7. e5 Nd5 8.
Ne4 Qc7 9. f4 Qa5+ 10. c3 Be7 11. Bd3 Qb6 12. Qe2 O-O 13. a3 f5 14. exf6 Nxf6
15. Be3 c5 16. O-O Bb7 17. Nd2 g6 18. Nc4 Qc7 19. Bd2 Rae8 20. Rae1 Nh5 21. Qe5
Qxe5 22. fxe5 Ba6 23. g4 Ng7 24. Rxf8+ Rxf8 25. Rf1 Rb8 26. Bc1 Ne8 27. Rd1 Bf8
28. Bf1 Bc8 29. Bg2 Ba6 30. Na5 Bb5 31. Bf1 Bxf1 32. Kxf1 d5 33. exd6 Nxd6 34.
Bf4 Rb5 35. Bxd6 Rxa5 36. Bxf8 Kxf8 37. Rd7 Rb5 38. b4 cxb4 39. axb4 a5 40. bxa5
Rxa5 41. Rxh7 Ra2 42. h3 Rc2 43. Rc7 Rh2 44. Rh7 Rc2 45. Rc7 Rh2 46. Rh7 1/2-1/2

[Event "XXXIII MIEDZYNARODOWE SZACHOWE MISTRZOSTWA MALOPOLSKI - Grupa A"]
[Site "Hotel Galaxy, ul. Gesia 22a, Krakow"]
[Date "1899-12-30"]
[Round "3.11"]
[White "Zalega, Maciej"]
[Black "Barwinska, Ewa"]
[Result "1-0"]
[WhiteTitle "I++"]
[BlackTitle "WCM"]
[WhiteElo "2166"]
[BlackElo "1953"]

1. e4 c5 2. Nf3 d6 3. d4 cxd4 4. Nxd4 Nf6 5. Nc3 a6 6. h4 e5 7. Nb3 Be6 8. f4 exf4
9. Bxf4 Be7 10. Qd2 Nh5 11. O-O-O Nxf4 12. Qxf4 Nd7 13. Nd4 O-O 14. Nf5 Bf6 15.
Qd2 Qa5 16. a3 Bxf5 17. exf5 Qxf5 18. Qxd6 Bxc3 19. Qxd7 Qf4+ 20. Kb1 Bf6 21.
Bd3 Rfd8 22. Qh3 b5 23. c3 Rab8 24. g4 Re8 25. g5 Re3 26. Qg2 Be7 27. Rhf1 Qe5
28. Qf2 Rf8 29. Rg1 Bc5 30. Qc2 Rxd3 31. Qxd3 Bxg1 32. Rxg1 a5 33. h5 Kh8 34.
Qf3 Qc5 35. Rg4 f5 36. Rd4 Qe7 37. Qf4 Qe1+ 38. Ka2 Qe6+ 39. Kb1 Qe1+ 40. Kc2
Qe2+ 41. Rd2 Qxh5 42. Qxf5 Qe8 43. Qd3 b4 44. axb4 axb4 45. Rh2 b3+ 46. Kd1 g6
47. Qd4+ Kg8 48. Re2 Qf7 49. c4 Qf5 50. Qd5+ Qxd5+ 51. cxd5 Rf5 52. d6 Kf8 53.
d7 Rd5+ 54. Rd2 Rxd2+ 55. Kxd2 Ke7 56. Kc3 Kxd7 57. Kxb3 Ke6 58. Kc4 Kf5 59. b4
Kxg5 60. b5 h5 61. b6 1-0

[Event "XXXIII MIEDZYNARODOWE SZACHOWE MISTRZOSTWA MALOPOLSKI - Grupa A"]
[Site "Hotel Galaxy, ul. Gesia 22a, Krakow"]
[Date "1899-12-30"]
[Round "3.12"]
[White "Mis, Mieszko"]
[Black "Ten Have, Roland"]
[Result "1-0"]
[WhiteTitle "FM"]
[BlackTitle ""]
[WhiteElo "2364"]
[BlackElo "1937"]

1. Nf3 e6 2. c4 d5 3. g3 Bd6 4. Bg2 c6 5. O-O f5 6. d3 Nf6 7. Nbd2 O-O 8. Qc2 e5
9. e4 fxe4 10. dxe4 d4 11. c5 Bc7 12. Ne1 Be6 13. Nd3 Nbd7 14. h3 Kh8 15. b3 Qe8
16. Qd1 Qe7 17. Ba3 Qe8 18. Bb2 Qg6 19. Nf3 Qh5 20. Nh4 Qf7 21. Qd2 Nh5 22. Rae1
Rae8 23. Re2 Qf6 24. Rfe1 Rf7 25. Nf5 g6 26. Nh6 Rff8 27. Ng4 Qf7 28. Kh2 Bxg4
29. hxg4 Nhf6 30. Bh3 Qe7 31. b4 Kg8 32. Kg2 Rf7 33. f4 Rd8 34. g5 Nh5 35. f5
Rdf8 36. f6 Qe8 37. Bg4 h6 38. Bxh5 gxh5 39. Rh1 Rh7 40. Rf2 Qg6 41. Rf5 Kf7 42.
Bc1 Ke8 43. gxh6 Rxf6 44. Rhxh5 Rxf5 45. Rxf5 Qg4 46. Nf2 Qg8 47. Qg5 Qxg5 48.
Bxg5 Rf7 49. g4 Nf8 50. Nd3 Rxf5 51. gxf5 Kf7 52. Kf3 Nh7 53. Bh4 Nf8 54. Bg3
Kf6 55. Nf2 Nd7 56. Kg4 Kf7 57. Bh4 Nf6+ 58. Bxf6 Kxf6 59. Kh5 b6 60. Ng4+ Kf7
61. f6 1-0

[Event "XXXIII MIEDZYNARODOWE SZACHOWE MISTRZOSTWA MALOPOLSKI - Grupa A"]
[Site "Hotel Galaxy, ul. Gesia 22a, Krakow"]
[Date "1899-12-30"]
[Round "3.13"]
[White "Wiewiora, Eneasz"]
[Black "Gora, Antonina"]
[Result "1-0"]
[WhiteTitle "FM"]
[BlackTitle "k"]
[WhiteElo "2314"]
[BlackElo "1941"]

1. e4 c5 2. c3 d5 3. exd5 Qxd5 4. d4 Nf6 5. Nf3 Nc6 6. Be2 e6 7. O-O cxd4 8. cxd4
Be7 9. Nc3 Qd6 10. Nb5 Qd8 11. Bf4 Nd5 12. Bg3 a6 13. Nc3 b5 14. Rc1 Bb7 15. Ne4
O-O 16. Nc5 Bxc5 17. dxc5 Qf6 18. Qd2 h6 19. Rfd1 Rac8 20. a3 b4 21. axb4 Ncxb4
22. Bd6 Rfd8 23. Ra1 Qg6 24. Ne5 Qf5 25. Nd3 Nc6 26. Ra4 Nb6 27. Rf4 Qg6 28. Rg4
Qf6 29. Nf4 Rxd6 30. cxd6 Qe5 31. Nh5 g5 32. h4 f5 33. Rg3 Nb4 34. hxg5 Rc2 35.
gxh6+ Qxg3 36. fxg3 Rxd2 37. Rxd2 N4d5 38. Nf4 Bc8 39. Nxd5 Nxd5 40. Bxa6 1-0

[Event "XXXIII MIEDZYNARODOWE SZACHOWE MISTRZOSTWA MALOPOLSKI - Grupa A"]
[Site "Hotel Galaxy, ul. Gesia 22a, Krakow"]
[Date "1899-12-30"]
[Round "3.14"]
[White "Kulesza, Andrzej"]
[Black "Aymerich Verdaguer, Eduard"]
[Result "0-1"]
[WhiteTitle "I++"]
[BlackTitle "CM"]
[WhiteElo "2064"]
[BlackElo "2189"]

1. e4 c5 2. Nf3 e6 3. d4 cxd4 4. Nxd4 Nc6 5. Nc3 Qc7 6. Be3 a6 7. Qd2 Nf6 8. O-O-O
Bb4 9. f3 Ne5 10. Nb3 b5 11. Bd4 Be7 12. Qf2 O-O 13. g4 Rb8 14. g5 Nh5 15. h4
Nc4 16. Rg1 a5 17. Nd2 Ba6 18. Kb1 Rfc8 19. Bd3 Nf4 20. Rh1 e5 21. Be3 Nxb2 0-1

[Event "XXXIII MIEDZYNARODOWE SZACHOWE MISTRZOSTWA MALOPOLSKI - Grupa A"]
[Site "Hotel Galaxy, ul. Gesia 22a, Krakow"]
[Date "1899-12-30"]
[Round "3.15"]
[White "Kumor, Lukasz"]
[Black "Tymrakiewicz, Rafal"]
[Result "1/2-1/2"]
[WhiteTitle "k"]
[BlackTitle "FM"]
[WhiteElo "2052"]
[BlackElo "2154"]

1. e4 d5 2. exd5 Nf6 3. Nf3 Nxd5 4. d4 Bf5 5. Nh4 Bc8 6. c4 Nf6 7. Be2 c5 8. d5
e6 9. Nc3 a6 10. Nf3 exd5 11. Nxd5 Nxd5 12. cxd5 Be7 13. Bf4 O-O 14. O-O Bf6 15.
Qd2 Bf5 16. a4 Re8 17. Bc4 Re4 18. Rac1 Nd7 19. Rfe1 Nb6 20. b3 Nxc4 21. bxc4
Qd7 22. Be5 Bxe5 23. Nxe5 Qxa4 24. Rxe4 Bxe4 25. Nxf7 Kxf7 26. Qf4+ Kg8 27. Qxe4
Re8 28. Qg4 Qc2 29. Rf1 Qe4 30. Qd7 Qe7 31. Qa4 Rf8 32. h3 Qe8 33. Qa5 Qe7 34.
Re1 Qd6 35. Re6 b6 36. Rxd6 bxa5 37. Rxa6 Rf4 38. Rxa5 Rxc4 39. Kf1 Kf7 40. Ke2
Kf6 41. d6 Rd4 42. Ra6 Ke5 43. Ra7 Rxd6 44. Rxg7 h6 45. Ke3 c4 46. f4+ Kd5 47.
f5 Ke5 48. Rg6 Rd3+ 49. Ke2 h5 50. Rh6 Rg3 51. Kf2 Rg5 52. f6 Ke6 53. h4 Rc5 54.
Ke1 Rd5 55. f7+ Kxf7 56. Rc6 Rd4 57. g3 Kg7 58. Kf2 Kh7 59. Kf3 Kg7 60. Rc5 Kg6
61. Rg5+ 1/2-1/2

[Event "XXXIII MIEDZYNARODOWE SZACHOWE MISTRZOSTWA MALOPOLSKI - Grupa A"]
[Site "Hotel Galaxy, ul. Gesia 22a, Krakow"]
[Date "1899-12-30"]
[Round "3.16"]
[White "Trybus, Daniel"]
[Black "Doraszelski, Alexander"]
[Result "1-0"]
[WhiteTitle "k"]
[BlackTitle ""]
[WhiteElo "2014"]
[BlackElo "2132"]

1. e4 c5 2. Nf3 d6 3. d4 Nf6 4. Nc3 cxd4 5. Nxd4 a6 6. a4 e5 7. Nf3 h6 8. Bc4 Be6
9. Ba2 Be7 10. O-O O-O 11. Re1 Qc7 12. Nd2 Nc6 13. Nd5 Bxd5 14. exd5 Nb4 15. c4
Nxa2 16. Rxa2 a5 17. Ra3 Nd7 18. Rg3 f5 19. Qh5 Rf6 20. b3 Kh7 21. Rh3 Raf8 22.
Nf3 Rg6 23. Nd4 Nf6 24. Ne6 Nxh5 25. Nxc7 Nf6 26. Ne6 Re8 27. f4 Ne4 28. Rf3 Rxe6
29. dxe6 g6 30. fxe5 dxe5 31. g4 Bc5+ 32. Kg2 Rxe6 33. gxf5 gxf5 34. Rxf5 Kg6
35. Rf3 Nd6 36. Rg3+ Kh7 37. Bb2 Nf5 38. Rxe5 Rxe5 39. Bxe5 Nxg3 40. Kxg3 Kg6
41. Kf4 Bb4 42. Ke4 h5 43. Bf4 Be1 44. c5 Bf2 45. Be3 Bxe3 46. Kxe3 Kf5 47. c6
bxc6 48. Kd4 Kg4 49. b4 axb4 50. a5 c5+ 51. Kc4 b3 52. Kxb3 c4+ 53. Kc2 1-0